000 00188nam a22000857a 4500
001 1236357
005 20251001163940.0
245 _aSON KARA KEDİ
_cEVGENE TRIVIZAS
260 _bALTIN KİTAPLAR
999 _c1236357
_d1236357